LEADER 00991nam a2200217 i 4500 001 000000223050 003 CaOOAMICUS 005 20131003000000.0 008 131003s2011 it u000 u ita u 013 $a201947 040 $aSeMil$bita 245 10$aSeguire Gesù, maestro di vita :$bnota pastorale sull'educazione 2011-2012. Prima tappa : Formare i formatori. Diocesi di Crema. 260 $a[S.l. :$bs.n.],$c2011. 300 $a120 p. :$bill. ;$c22 cm. 500 $aManca il front. 650 4$aCrema (Diocesi) - Lettere pastorali.$0(OLS)http://semarc/subject/37122 710 0 $aDiocesi di Crema.$0(OLS)http://semarc/name/2457 850 $aSeMil 852 $aSeMil$W1$xVenegono$y1$m5D VII 23/11$j173396$B173396$CSeMilBibl$Z2$F183765 $81 996 $6245$aSeguire Gesù, maestro di vita :$bnota pastorale sull'educazione 2011-2012. Prima tappa : Formare i formatori. Diocesi di Crema$9(OLS)http://semarc/title/319907 996 $6260$a[S.l. :$bs.n.]$9(OLS)http://semarc/publisher/29751 LEADER 00920nam a2200229 i 4500 001 000000062796 003 CaOOAMICUS 005 20130603000000.0 008 130603s1952 xx u000 u fre u 013 $a33968 040 $aSeMil$bita 100 1 $aMouroux, Jean,$c.$0(OLS)http://semarc/name/16383 245 12$aL'expérience chrétienne :$bintroduction a une théologie /$cJean Mouroux. 260 $aParis :$bAubier,$ccopyr. 1952. 300 $a376 p. ;$c23 cm. 490 0 $aThéologie ;$v26 650 4$aTeologia.$0(OLS)http://semarc/subject/27 830 0$aThéologie ;$v26.$0(OLS)http://semarc/title/426 850 $aSeMil 852 $aSeMil$W1$xVenegono$y1$m2M II 76$j28949$B28949$CSeMilBibl$Z2$F28952 $81 996 $6245$aL'expérience chrétienne :$bintroduction a une théologie$9(OLS)http://semarc/title/98932 996 $6260$aParis :$bAubier$9(OLS)http://semarc/publisher/30108